| 000 | 00677nam a22001817a 4500 | ||
|---|---|---|---|
| 999 |
_c192247 _d192247 |
||
| 005 | 20220919114327.0 | ||
| 010 | _aB-745524 | ||
| 020 |
_a9789389176032 _c295.00 |
||
| 035 | _aB-745524 | ||
| 037 | _bOakBridge | ||
| 245 |
_aGeneral Studies Series Part 7: _bEnvironment and Ecology For Civil Services (Preliminary) Examination/ |
||
| 260 |
_aHaryana _bOakBridge Publishing _c2019 |
||
| 270 |
_aM 35, 1st Floor, Old DLF, Gurugram, _bHaryana _e122001 _k91 1244305970 _minfo@oakbridge.in |
||
| 300 |
_a228p _c24cm.(pbk) |
||
| 505 | _a | ||
| 942 |
_2ddc _cEN _h574.5 _mGEN |
||